| 000 | 00355nam a2200145Ia 4500 | ||
|---|---|---|---|
| 008 | 150201s2014 xx 000 0 und d | ||
| 082 |
_a610.734 _bM14C |
||
| 100 | _aCHATTERJEE, NIRMAMMA | ||
| 245 | _aMCQ ON COMMUNITY HEALTH NURSING | ||
| 250 | _a1ST | ||
| 260 |
_bJAYPEE _aDELHI _c2014 |
||
| 300 | _a232 | ||
| 650 | _aCOMMUNITy NURSING | ||
| 942 |
_2ddc _cBK |
||
| 999 |
_c2405 _d2405 |
||